| 000 | 00685nam a2200229Ia 4500 | ||
|---|---|---|---|
| 003 | GCL | ||
| 008 | 140319s9999 xx 000 0 ara d | ||
| 020 | _a590346977 | ||
| 040 |
_aGCL / _cGCL |
||
| 082 | 0 | 4 |
_a179.9 _bم أ |
| 100 | 1 | _aمحمد صديق لهيطة | |
| 245 | 1 | 0 |
_aانت ونقطة التوازن / _cمحمد صديق لهيطة |
| 250 | _aالاولى | ||
| 260 |
_aالقاهرة : _bمطابع الاهرام ، _c0 |
||
| 300 |
_a95 ص ؛ _c24 سم |
||
| 650 | 0 | 4 | _aالعادات والسلوك |
| 650 | 0 | 4 | _aالثقة بالنفس |
| 650 | 0 | 4 | _aالتوتر |
| 650 | 0 | 4 | _aالتوازن |
| 650 | 0 | 4 | _aالتوازن الاجتماعى |
| 942 |
_2ddc _cBK |
||
| 999 |
_c7634 _d7634 |
||